| 000 | 00769nam a2200217Ii 4500 | ||
|---|---|---|---|
| 003 | JO-AjNU | ||
| 008 | 230605s9999||||xx |||||||||||||| ||und|| | ||
| 017 | _a2000/8/2451 | ||
| 040 |
_aJO-AjNU _bara _erda _cJO-AjNU |
||
| 041 | _aara | ||
| 050 | 1 | 4 | _aBP70.2001 |
| 100 | 3 |
_aالشافعي، ابي عبد الله محمد بن محمد بن عثمان الذهبي ؛ تحقيق محمد طعمة القضاة, _eauthor _945499 |
|
| 245 | 0 | 0 | _aالإمامان أبو يوسف ومحمد بن الحسن |
| 250 | _aط1 | ||
| 264 | 3 | 1 | _aعمان:محمد طعمة القضاة ،2001 |
| 300 | _a79ص | ||
| 336 |
_atext _btxt _2rdacontent |
||
| 337 |
_aunmediated _bn _2rdamedia |
||
| 338 |
_avolume _bnc _2rdacarrier |
||
| 650 | 4 |
_aالاسلام-تراجم _945500 |
|
| 999 |
_aA19728 _c23296 _d23296 |
||